[Event "Melbourne Cup Weekend"]
[Site "Melbourne"]
[Date "2013.11.01"]
[Round "1"]
[White "Cavezza, Paul"]
[Black "Zelesco, Karl"]
[Result "0-1"]
[WhiteElo "1701"]
[BlackElo "2144"]
[PlyCount "60"]
[EventDate "2013.11.01"]
[EventType "swiss"]
[EventRounds "9"]
[EventCountry "AUS"]
[SourceTitle "EXT 2014"]
[Source "ChessBase"]
[SourceDate "2013.11.20"]
[SourceVersion "1"]
[SourceVersionDate "2013.11.20"]
[SourceQuality "1"]

1. b3 e5 2. c4 Nf6 3. Bb2 Nc6 4. e3 g6 5. Nf3 Qe7 6. a3 Bg7 7. Qc2 0-0 8. d3 d5 9. cxd5 Nxd5 10. Nbd2 f5 11. h4 h6 12. Nc4 Bd7 13. Rc1 Rae8 14. Be2 Kh7 15. b4 a6 16. Qb3 Qf7 17. Qc2 e4 18. Bxg7 Kxg7 19. Nfd2 b5 20. Nb2 f4 21. dxe4 fxe3 22. Nf3 exf2+ 23. Kxf2 Nd4 24. Qd3 Nxe2 25. Qxe2 Bg4 26. Rc5 Nf4 27. Qc2 Nxg2 28. Rxc7 Re7 29. Rxe7 Qxe7 30. Qc3+ Kh7 0-1

[Event "Melbourne op"]
[Site "Melbourne"]
[Date "2012.11.02"]
[Round "1"]
[White "Cavezza, Paul"]
[Black "Dragicevic, Domagoj"]
[Result "0-1"]
[WhiteElo "1750"]
[BlackElo "2274"]
[PlyCount "88"]
[EventDate "2012.11.02"]
[EventType "swiss"]
[EventRounds "9"]
[EventCountry "AUS"]
[SourceTitle "EXT 2013"]
[Source "ChessBase"]
[SourceDate "2012.11.22"]
[SourceVersion "1"]
[SourceVersionDate "2012.11.22"]
[SourceQuality "1"]

1. e4 e5 2. Nf3 Nc6 3. Bb5 Nf6 4. d3 Bc5 5. c3 0-0 6. Nbd2 d5 7. h3 Re8 8. 0-0 a6 9. Ba4 Ba7 10. Qe2 Nh5 11. Nh2 Ng3 12. Qf3 Nxf1 13. Ndxf1 dxe4 14. dxe4 Qf6 15. Qxf6 gxf6 16. g4 b5 17. Bb3 Be6 18. Bc2 Rad8 19. Ng3 Bc4 20. Nhf1 Bd3 21. Bb3 Na5 22. Ne3 Bxe3 23. Bxe3 Nxb3 24. axb3 Re6 25. f3 Bc2 26. b4 Rd1+ 27. Rxd1 Bxd1 28. Kg2 Bb3 29. Nh1 Rd6 30. Nf2 Rd7 31. Kf1 Bd1 32. Kg2 Rd8 33. h4 Be2 34. h5 Ra8 35. h6 a5 36. Bc5 a4 37. Be7 a3 38. bxa3 Rxa3 39. Bxf6 Rxc3 40. Bxe5 Bxf3+ 41. Kg3 Rb3 42. Kf4 Be2 43. Nh1 Rf3+ 44. Kg5 Bf1 0-1